000 00202nam a2200085Ia 4500
008 120527s9999 xx 000 0 und d
100 _aSim &Berlin
245 _aToward a more perfection union
942 _cBK
999 _c27276
_d27276